000 00297nam a22001337a 4500
008 170511b xxu||||| |||| 00| 0 eng d
020 _a9780314183538
041 _aeng
080 _23RD
_a342
100 _a15
101 _aSHJ
245 _aCONTEMPORARY PROPERTY
_cNELSON, G.S
942 _2udc
_cBK
999 _c13225
_d13225